Sports Quiz

Random Sports or Cricket Quiz

Scored a Test century or not? Quiz Stats

 Plays Quiz not verified by Sporcle

Challenge
Share
Tweet
Embed
Score 0/30 Timer 12:00
0 Plays Today
% Correct
Andrew Symonds
86.7%
Darren Lehmann
84.4%
Eoin Morgan
81%
Suresh Raina
75.1%
Phil Jaques
75%
Lance Klusener
73.9%
Neil McKenzie
73.6%
Dwayne Smith
71.7%
Darren Sammy
71.4%
Russel Arnold
70.8%
Abdul Razzaq
68.2%
Wasim Jaffer
66.8%
James Franklin
65.6%
Azhar Mahmood
64.9%
Darren Ganga
64.5%
% Correct
Chaminda Vaas
62.4%
Dinesh Karthik
61.1%
Irfan Pathan
60.7%
Andrew Hall
60.5%
Craig White
57.5%
Romesh Kaluwitharana
53.8%
Rashid Latif
51.4%
Martin Love
47.1%
Craig Spearman
45.3%
Javed Omar
40.8%
Pat Symcox
40.7%
Chris Lewis
39.3%
Saqlain Mushtaq
38.9%
Craig Wishart
34.6%
Paul Strang
30.1%

You're not logged in!

Compare scores with friends on all Sporcle quizzes.
Join for Free
OR
Log In

You Might Also Like...

Show Comments

Extras

Top Quizzes Today


Score Distribution

Your Account Isn't Verified!

In order to create a playlist on Sporcle, you need to verify the email address you used during registration. Go to your Sporcle Settings to finish the process.

Report this User

Report this user for behavior that violates our Community Guidelines.

Details: